Vplyv závlah na fyzikálne vlastnosti fluvizemí Východoslovenskej nížiny

Bibliographic Details
Main Authors: Hrežo, František (Author), Giba, Michal (Author)
Format: Article
Language:Slovak
PhysicalDescription:Obr. 1, tab. 2, res. angl., slov., lit. 16 zázn. v češ., slov.
ISSN:0551-3677
Subjects:

MARC

LEADER 00000nab a2200000 a 4500
001 vtls000630573
003 SK-MaSNL
005 20260304100445.0
008 250425c1997 xo 0 slo
015 |a SNBRB19rr/mm-uuuuu 
035 |a CL0630712 
035 |a urn:nbn:sk:snk-ab1i3i 
035 |a (urnnbn)urn:nbn:sk:snk:ar-003w3b 
035 |a (uuid)4be10786-a2b5-43b3-ad08-e97af960a80c 
040 |a SNKBUCL  |b slo  |c SNKBUCL  |e AACR2 
041 0 |a slo 
044 |a xo  |c SK 
080 |a 631.43(437.6):631.67(437.6)  |2 1981 
080 |a 631.67(437.6)  |2 1981 
080 |a 631.347(437.6)  |2 1981 
100 1 |a Hrežo, František  |4 aut  |9 943223 
245 1 0 |a Vplyv závlah na fyzikálne vlastnosti fluvizemí Východoslovenskej nížiny  |c František Hrežo, Michal Giba 
300 |b Obr. 1, tab. 2, res. angl., slov., lit. 16 zázn. v češ., slov. 
650 0 7 |a fluvizeme  |2 snkbucl  |9 1047394 
650 0 7 |a závlahy  |2 snkbucl  |9 13225 
651 7 |a Východoslovenská nížina (Slovensko)  |2 snkbucl  |9 19595 
655 7 |a články z novín a časopisov  |2 snkbucl  |9 267496 
700 1 |a Giba, Michal  |4 aut  |9 370231 
773 0 |t Poľnohospodárstvo  |g Roč. 43, č. 3 (1997), s. 161-169  |x 0551-3677 
850 |a Slovenská národná knižnica 
852 |a Slovenská národná knižnica 
954 |a odborná, vedecká literatúra pôvodná (slovenská)  |2 lita 
958 |a article27 
958 |a NB 
958 |a SK 
958 |a RK 
958 |a OND 
958 |a EUIPO 
992 |a RBX 
999 |c 2838021  |d 2839951